Old Testament narratives. (Record no. 3422)

000 -LEADER
fixed length control field 00604nam a2200193 a 4500
001 - CONTROL NUMBER
control field :::00001153$&:&@@
003 - CONTROL NUMBER IDENTIFIER
control field OkBaRHE
005 - DATE AND TIME OF LATEST TRANSACTION
control field 20000607103241.0
008 - FIXED-LENGTH DATA ELEMENTS--GENERAL INFORMATION
fixed length control field s1931 j 000 0 eng u
040 ## - CATALOGING SOURCE
Transcribing agency
100 1# - MAIN ENTRY--PERSONAL NAME
Personal name Dawson, Mary and French, Roy L.
245 10 - TITLE STATEMENT
Title Old Testament narratives.
260 ## - PUBLICATION, DISTRIBUTION, ETC. (IMPRINT)
Place of publication, distribution, etc Boston, MA., :
Name of publisher, distributor, etc D. C. Heath and Co.
Date of publication, distribution, etc c1931
300 ## - PHYSICAL DESCRIPTION
Extent 291 p. ;
Dimensions 17 cm.
650 ## - SUBJECT ADDED ENTRY--TOPICAL TERM
Topical term or geographic name as entry element Bible Stories
General subdivision Old Testament
700 ## - ADDED ENTRY--PERSONAL NAME
Personal name French, Roy L., Joint author.
942 ## - ADDED ENTRY ELEMENTS (KOHA)
Source of classification or shelving scheme
Koha item type Books
Copies
Withdrawn status Damaged status Date last seen Koha item type Price effective from Date acquired Barcode Not for loan Shelving location Full call number Source of classification or shelving scheme Lost status Copy number Permanent Location
  2018-02-20Books2010-04-142010-04-141153 General StacksBS 551 .D3F7  1RHEMA Bible Training College